000 01024cab a2200277 4500
001 ABS53618
008 090401t1995 xxu||||| |||| 00| 0 eng d
035 _a(Sirsi) u5384
041 _aeng
245 _aSpath Holme revisited
260 _c1995
350 _a0
490 _aJournal of Institute of Rent Officers
_v26(3) October 1995, 5-11(7)
520 _aSeries of articles discussing the case "Spath Holme Ltd v The Greater Manchester and Lancashire Rent Assessment Committee" (WB3131-72) which concerned the setting of a fair rent by rent assessment committees.
650 _aASSURED TENANCIES
650 _aFAIR RENTS
650 _aMARKET RENTS
650 _aREGISTERED RENTS
650 _aREGULATED TENANCIES
650 _aRENT ASSESSMENTS
650 _aPROPERTY-RESIDENTIAL PROPERTY-RESIDENTIAL LANDLORD AND TENANT-RESIDENTIAL TENANCIES
650 _aSCARCITY
690 _aPROPERTY-RESIDENTIAL PROPERTY-RESIDENTIAL LANDLORD AND TENANT-RESIDENTIAL TENANCIES
942 _n0
948 _c04/03/1997
999 _c3201
_d3201